• 首页
  • 本馆介绍
  • 公告通知
  • 最新文献
  • 馆藏检索
  • 电子资源
  • 读者导购
  • 参考咨询
  • 我的图书馆
  • 登录
  • 详细信息显示
  • 放入我的书架
  • 预约/预借图书
  • 作者相关作品
  • 分类相关作品
  • 丛书相关作品
  • 出版社相关作品

书目信息

  • 表格格式
  • 工作单格式
  • 卡片格式
题名:
微观经济学
    
 
作者: 平狄克 , 鲁宾费尔德 著 ;张军 译
分册:  
出版信息: 北京   中国人民大学出版社  1997
页数: 569页
开本: 32开
丛书名: 经济科学译丛
单 册:
中图分类: F016
科图分类:
主题词: 政治经济学--概论
电子资源:
ISBN: 7-300-02353-3
000 00730nam0 2200253 45
001 0111191666
005 20031219104051.6
010    @a7-300-02353-3@dCNY70.00
100    @a20011119d1997 km y0chiy0120 ea
101 0  @achi
105    @a z 000yy
200 1  @a微观经济学@AWei Guan Jing Ji Xue@f(美)平狄克,鲁宾费尔德著@F(Mei)Ping Di Ke,Lu Bin Fei Er De Zhu@g张军译
205    @a3版
210    @a北京@c中国人民大学出版社@d1997
215    @a569页@d32开
225    @a经济科学译丛
410    @12001 @a经济科学译丛
606 0  @a政治经济学@x概论
690    @aF016@v4
701    @a平狄克@4著
701  0 @a鲁宾费尔德@4著
702  0 @a张军@AZhang Jun@4译
801    @aCN@bTSTC@c20011119
905    @f3@b301010-012@dF016@e151=3
    
    微观经济学/(美)平狄克,鲁宾费尔德著/张军译.-3版.-北京:中国人民大学出版社,1997
    569页;32开.-(经济科学译丛)
    
    
    ISBN 7-300-02353-3:CNY70.00
    
●
相关链接 在E读中查询图书 在五车中查询图书 在当当中查询图书 在豆瓣中查询图书


正题名:微观经济学     索取号:F016/151=3         预约/预借

序号 登录号 条形码 馆藏地/架位号 状态 备注
1 0301010   203010106   第一借阅区/ [索取号:F016/151=3] 在馆    
2 0301011   203010115   第一借阅区/ [索取号:F016/151=3] 在馆    
3 0301012   203010124   第一样本阅览室/ [索取号:F016/151=3] 在馆    
唐山师范学院图书馆 欢迎您!
大连网信软件有限公司© 版权所有